| 000 | 02173nam a22002657a 4500 | ||
|---|---|---|---|
| 999 |
_c63731 _d63731 |
||
| 003 | Ge_BSU | ||
| 005 | 20251217152911.0 | ||
| 008 | 251217s2023 ge ||||| |||| 00| 0 geo d | ||
| 020 | _a9789941986727 | ||
| 041 | _ageo | ||
| 080 | _a929(479.22)(038) : 929(479.22)(038) ი-47 | ||
| 100 |
_aიმედაშვილი, იოსებ _926544 |
||
| 245 |
_aქართველ მოღვაწეთა ლექსიკონი : _b1801-1952. ტომი 3, მ-რ / _cიოსებ იმედაშვილი; ტექსტს რედაქცია გაუკეთა, ხელნაწერი და მისი ვარიანტები შეადარა და ბიბლიოგრაფია შეავსო ქეთევან გზირიშვილმა; სარედაქციო კოლეგია: ქეთევან გზირიშვილი, ლევან თაქთაქიშვილი, კობა იმედაშვილი, თინა ლაღიძე; გარეკანი გიორგი წერეთლისა. |
||
| 264 |
_aთბილისი : _bეროვნული ბიბლიოთეკის გამ-ბა, _c2023. |
||
| 300 |
_a898 გვ. : _bპორტრ.; _c29 სმ. |
||
| 501 | _aსაძიებელი: გვ. 892-895. | ||
| 653 | _aქართველი მოღვაწეები -- ლექსიკონები | ||
| 700 |
_aგზირიშვილი, ქეთევან _eრედაქტორი _926545 |
||
| 700 |
_aთაქთაქიშვილი, ლევან _eრედაქტორი _9328 |
||
| 700 |
_aიმედაშვილი, კობა _eრედაქტორი _926546 |
||
| 700 |
_aლაღიძე, თინა _e რედაქტორი _926547 |
||
| 700 |
_aწერეთელი, გიორგი _eგარეკანის ავტორი _926548 |
||
| 856 |
_uhttps://dspace.nplg.gov.ge/bitstream/1234/486971/1/Qartvel_Moghvaweta_Leqsikoni_M-R_2023_Tomi_III.pdf _yელ. ვერსია |
||
| 942 |
_2udc _cᲬᲘᲒᲜᲘ |
||